[Event "Saint Louis Blitz 2017"]
[Site "Saint Louis USA"]
[Date "2017.08.18"]
[Round "18.3"]
[White "Le, Quang Liem"]
[Black "Nepomniachtchi, Ian"]
[Result "0-1"]
[WhiteTitle "GM"]
[BlackTitle "GM"]
[WhiteElo "2739"]
[BlackElo "2751"]
[WhiteFideId "12401137"]
[BlackFideId "4168119"]
[EventDate "2017.08.17"]

1. d4 f5 2. c4 Nf6 3. Nc3 d6 4. Nf3 g6 5. Bf4 Bg7 6. e3 O-O 7. Be2 Qe8 8. Bg3
Nh5 9. Bh4 c6 10. d5 Na6 11. Nd4 Nf6 12. O-O Nc7 13. Bg3 cxd5 14. cxd5 Kh8 15.
Qb3 Qf7 16. Rac1 g5 17. h3 f4 18. Bh2 Qg6 19. Ne6 Nxe6 20. dxe6 Qf5 21. Nb5 Bxe6
22. Nd4 Bxb3 23. Nxf5 Bxa2 24. Nxe7 Nd5 25. Nxd5 Bxd5 26. Rcd1 Bc6 27. b4 Rad8
28. b5 Be4 29. Bf3 Bxf3 30. gxf3 Be5 31. h4 h6 32. Kg2 Kg7 33. Rd2 Kf6 34. Ra2
Ra8 35. Ra4 Ke6 36. Re1 Kd7 37. Kh3 a6 38. bxa6 bxa6 39. Kg4 a5 40. hxg5 hxg5
41. Kxg5 Ke6 42. Bxf4 Rf5+ 43. Kg6 Rg8+ 44. Kh6 Kf7 45. Bxe5 Rg6+ 0-1